00634nam a2200169 i 450000100060000000300090000600500170001500700030003200800410003510000310007624502050010726000540031230000220036670000330038870000220042185200210044385744ES-MaACL20250926063055.0t|041201s1936 sp ||||1| spa d1 aJung, Carl G., d1875-196113aEl yo y lo inconsciente / cCharles Gustave Jung ; traducción directa del alemán por S. Montserrat Esteve ; con un estudio preliminar sobre la evolución de las ideas de Jung por Ramón Sarró. aBarcelona : b[s.n., c1936] (fCosta y García) a253 p. ; c22 cm.0 aMontserrat Esteve, Santiago.1 aSarró, Ramón. aES-MaACLjA-4164